La Commu de Niniste - Statistiques

Statistiques générales
  • Ce quiz a été pris 11 fois
  • Le résultat moyen est 10 sur 15
Statistiques - réponses
Hint Réponse % Correct
Partenaire de voyage de Niniste ayant unhumour pas très Twitch friendly Isayaya
83%
Elle a un chien qui s'appelle Paulo Just3939
83%
Il est fan de manchots et de Mario Sunshine Midas
83%
Notre reine à tous Niniste
83%
Fidèle amie de Niniste, qui a réalisé une partie de ses emotes Poupiiz
83%
Passionné de musique et de karaoké qui jouedu piano et du kalimba Cerulean
67%
Modérateur et un des plus anciens membresde la commu : il connaît Niniste depuis 2014 DarkWaluigi
67%
Anciennement Petit, il s'est renommé en Grandpour ses 18 ans. Aujourd'hui, il est aussi modérateur sur la chaîne et sur le Discord. Nino
67%
Le représentant de la Belgique de la commu,grand passionné de cinéma Nythmaer
67%
Il est fan de Pokémon et d'Oshi No Ko Shelsy
50%
Modératrice québécoise, dont le pseudoévoque un Pokémon de la sixième génération SweetySylveon
50%
Talentueuse saxophoniste, elle a offert à Niniste un manchot en céramique qu'elle a confectionné Vepiru
50%
Son pseudo est inspiré d'un animal endémique australien Wombat
50%
Il est aussi fort en bricolage qu'en petit bac Yoshi
50%
Bonne année Laray2moncu
17%
Aucun quiz correspondant
Distribution des résultats
% des personnes avec chaque résultat
Percentile par nombre de réponses
Votre historique - résultats
Vous n’avez pas pris ce quiz